000
00299nam a2200109Ia 4500
008
200302s9999 xx 000 0 und d
100
_a
Robert Holden & Jamie Liversedge
245
_a
Construction for Landscape Architecture
260
_b
Laurence King Publishing Ltd.
260
_c
2011
300
_a
240
999
_c
3616
_d
3616